[Event "World Junior U20 Girls 2018"]
[Site "Gebze"]
[Date "2018.09.10"]
[Round "6"]
[White "Song, Yuxin"]
[Black "Chitlange Sakshi"]
[Result "1/2-1/2"]
[WhiteElo "2156"]
[BlackElo "2279"]
[Annotator "TA"]
[PlyCount "269"]
[EventDate "2018.09.05"]
[EventType "swiss"]
[EventCountry "TUR"]
[SourceTitle "playchess.com"]
[Source "ChessBase"]
[SourceQuality "1"]

{[%evp 19,268,0,20,22,43,28,31,-9,-1,-8,-18,-6,0,-19,-30,-30,-22,-33,-32,-33,-19,-22,39,7,42,29,39,6,14,3,14,10,16,0,0,-25,-31,-54,-41,-54,-39,-37,-10,-16,-13,-33,-18,-80,-80,-80,-80,-80,-57,-80,-80,-85,-13,-13,-14,-14,-13,-20,-20,-20,-20,-20,-20,-20,-20,-20,-20,-20,-20,-20,-20,-20,-20,-20,-20,-20,-20,-51,0,-20,0,-51,-51,-77,-14,-14,-14,-14,-14,-52,-52,-52,-14,-20,-14,-14,-14,-20,-12,-12,-13,-20,-12,-20,-12,-20,-20,-20,0,-20,-20,-20,-20,-20,-20,-26,-30,-30,-13,-34,-13,-20,0,-20,0,-20,-20,-23,0,-29,-31,-338,-293,-359,-283,-283,-283,-283,-283,-283,-283,-283,0,-283,-283,-283,-283,-283,-283,-283,-276,-276,-276,-276,-276,-276,-276,-276,-276,-276,-272,-216,-136,-254,0,0,0,0,0,0,0,-32,0,0,0,0,181,181,181,8,181,181,1220,1177,1702,1480,1950,166,686,8,8,8,8,8,8,0,0,0,0,0,0,0,0,0,8,8,8,8,8,8,8,0,0,0,0,0,0,0,0,0,0,0,0,0,0,0,0,0,0,0,0,0,0,0,0,0,0,0,0,0,0,0,0,0,0,0,0]} 1. d4 Nf6 2. c4 e6 3. Nc3 Bb4 4. e3 c5 5. Nge2 cxd4 6. exd4 d5 7. a3 Be7 8. Nf4 dxc4 9. Bxc4 O-O 10. O-O Nbd7 {LiveBook: 5 Partien. E42: Nimzoindisch (Rubinstein-System)} (10... Bd6 11. Be3 Qc7 12. Nb5 Qxc4 13. Nxd6 Qa6 14. Nxc8 Rxc8 15. d5 Rd8 16. Qb3 Nxd5 17. Rfd1 Nc6 18. Nxd5 exd5 19. Rxd5 Rxd5 20. Qxd5 {½-½ (29) Fier,A (2620)-Ivanchuk,V (2710) Jurmala 2016}) 11. Re1 Nb6 12. Bb3 Bd7 {Weiß hat minimalen Vorteil.} 13. Qd3 $146 ({Vorgänger:} 13. Qe2 Re8 14. Nd3 Nbd5 15. Ne5 Bc6 16. Na4 Rc8 17. Bd2 Bd6 18. Nc5 Bxe5 19. dxe5 {1-0 (56) Nikolov,S (2409)-Petrov,G (2273) Struga 2010}) 13... Rc8 14. Qe2 Re8 15. Nd3 Nbd5 16. Bxd5 Nxd5 17. Nxd5 exd5 18. Qh5 Bb5 19. Qf5 g6 20. Qf3 Qb6 ({Lieber} 20... Bxd3 $11 21. Qxd3 Qb6) 21. Ne5 $1 $14 Qe6 22. Bd2 h5 23. Bc3 Rcd8 24. a4 Bd7 25. h3 Qf5 26. Qd1 Bh4 27. g3 Bf6 28. Nxd7 Rxe1+ 29. Qxe1 Qxd7 (29... Rxd7 {looks sharper.} 30. h4 Re7 31. Qf1 Qg4 32. Qd1 Re2) 30. Qf1 a6 31. Kg2 Re8 32. a5 Re4 33. Re1 (33. Qd3 $11) 33... Qe6 $17 ({Schlechter ist} 33... Bxd4 34. Rxe4 Bxc3 35. Qd3 $16) 34. Rxe4 Qxe4+ ({Viel schlechter ist} 34... dxe4 35. d5 $1 $11 {[%mdl 512]}) 35. f3 Qe3 (35... Qc2+ {with more complications.} 36. Qf2 Qxf2+ 37. Kxf2 Kf8 38. Ke3 Ke7) 36. Qf2 Qxf2+ 37. Kxf2 {[%mdl 4096] Endspiel KL-KL} h4 ({Günstiger ist} 37... Kf8 $17) 38. g4 $11 Bg5 39. Bb4 Kg7 40. Bd6 Bc1 41. b4 Kf6 42. Ke2 Ke6 43. Bc5 Kd7 44. Kd3 Bf4 45. Kc3 Bg3 46. Bf8 Be1+ 47. Kb3 Ke6 48. Kc2 Kf6 49. Kd3 Bf2 50. Bh6 Be1 (50... Ke7 $15) 51. Bd2 Bf2 52. Bh6 $1 Ke7 53. Bg5+ Kd6 (53... f6 $17 54. Bd2 Bg3) 54. Kc3 Be1+ 55. Kb3 Ke6 56. Bf4 Bf2 57. Kc3 Kd7 58. Be5 Kc6 59. Kb3 Kb5 60. Bf6 Be1 61. Be7 Bd2 62. Bf8 Be3 63. Bg7 Kc6 64. Kc3 Bf4 65. Bf8 Kd7 66. Bc5 Ke6 67. Bf8 Kf6 68. Kd3 Bh2 69. Bh6 Bd6 70. Bd2 Ke6 71. Kc3 Kd7 72. Bg5 Kc6 73. Kb3 Kb5 74. Bd2 Bg3 75. Bg5 Bd6 76. Bd2 Be7 77. g5 $2 {[%mdl 8192]} (77. f4 $15) 77... Kc6 78. f4 Bd6 79. Kc3 Kb5 80. Kb3 Bc7 81. Be3 {Wenn Weiss jetzt Zeit für Lc1 hätte...} Bb8 82. Bc1 {Falls Weiss jetzt zu Le3 käme, bestünde noch etwas Hoffnung.} Bc7 83. Be3 Kc6 84. Kc3 Kd7 85. Kd3 Bb8 86. Bc1 Ke6 87. Ke2 Bd6 88. Bd2 Be7 89. Bc3 f6 90. gxf6 Kxf6 91. Ke3 Kf5 92. Kf3 Bf6 93. Ke3 (93. Ba1 $17) 93... Ke6 $2 (93... Bh8 $19 94. Kf3 Bg7) 94. Kf3 $1 Kd6 95. Kg4 Kc6 {Weiss muss nun ...Kb5 beachten.} 96. f5 gxf5+ 97. Kxf5 Be7 {zielt auf ...Kb5 ab.} (97... Bg7 $5 {[%cal Rc6b5]} 98. Ke6 Bh8 $15) 98. Ke6 Bf8 99. Be1 Bd6 $2 (99... Bg7 $1 $11 {und Schwarz muss sich keine Sorgen machen.}) 100. Bxh4 $18 {Lg5 ist eine echte Drohung.} Bxb4 {[#]} 101. Bd8 $2 (101. Bg5 $1 $18 b5 102. axb6) 101... Bc3 $2 {[#]} (101... b5 $1 $11 102. axb6 a5) 102. Ke5 $1 Be1 $2 (102... b5) 103. h4 Kd7 104. Bg5 Bxa5 105. Kxd5 $2 (105. h5 Ke8 106. h6 (106. Kxd5 Kf7 $16)) 105... Bb4 $2 (105... Bc3 106. h5 Ke8) 106. Kc4 $2 (106. h5 $18 {Droht h6 und aus.} Ke8 107. Ke6) 106... Bd6 $11 {Die Stellung ist ausgeglichen.} 107. h5 {Und h6 würde nun gewinnen.} Ke6 $1 108. h6 {Und weiter mit h7 wäre nett.} b5+ 109. Kd3 {Droht stark h7.} Kf7 110. Ke4 Kg6 111. Bd2 b4 112. Kd5 Bf8 113. Kc4 a5 114. d5 Be7 115. Kb3 Bd6 116. Ka4 Be7 117. Kxa5 b3 118. Bc1 Bg5 119. Bb2 (119. h7 {keeps more tension.} Kxh7 120. Bb2 Kg6 121. Ka4 Bf6 122. Kxb3 Bxb2 123. Kxb2 Kf5 124. d6) 119... Bxh6 120. Kb4 Bg7 121. Bxg7 Kxg7 122. Kxb3 {KB-K} (122. Kc3 {is interesting.} Kf7 123. Kxb3 Ke7 124. Kc4 Kd6 125. Kb3) 122... Kf6 123. Kc4 Ke7 124. Kc5 {Weiss will mit Kc6 Matt setzen.} Kd7 125. Kd4 Kd6 126. Ke4 Kd7 127. Ke5 Ke7 128. d6+ Kd7 129. Kd5 $1 Kd8 130. Ke6 {Droht Matt per d7.} Ke8 131. Ke5 {Weiss droht Ke6 und Matt.} Kd7 132. Kd5 Kd8 133. Kc6 {Beabsichtigt d7 und Matt.} Kc8 134. d7+ Kd8 135. Kd6 $2 {[%mdl 8192] Precision: Weiß = 56%, Schwarz = 59%.} (135. Kb5 Kxd7) 1/2-1/2

[Event "World Junior U20 Girls 2018"]
[Site "Gebze"]
[Date "2018.09.10"]
[Round "6"]
[White "Du, Yuxin"]
[Black "Stanciu, Ioana-Georgiana"]
[Result "1/2-1/2"]
[WhiteElo "2146"]
[BlackElo "2000"]
[Annotator "NA"]
[PlyCount "112"]
[EventDate "2018.09.05"]
[EventType "swiss"]
[EventCountry "TUR"]
[SourceTitle "playchess.com"]
[Source "ChessBase"]
[SourceQuality "1"]
[TimeControl "40/5400+30:1800+30"]

1. e4 {[%emt 0:00:30]} c5 {[%emt 0:00:30]} 2. Nf3 {[%emt 0:00:30]} Nc6 {[%emt 0:00:00]} 3. Bb5 {[%emt 0:00:30]} g6 {[%emt 0:00:00]} 4. Bxc6 {[%emt 0:00:30]} dxc6 {[%emt 0:00:30]} 5. O-O {[%emt 0:00:00]} Bg7 {[%emt 0:00:00]} 6. h3 {[%emt 0:00:00]} e5 {[%emt 0:01:00]} 7. d3 {[%emt 0:00:30]} Qd6 {[%emt 0:00:30] B31: Sicilian: 2...Nc6 3 Bb5 g6} (7... Qe7 8. Nbd2 Be6 9. a3 g5 10. Nc4 O-O-O 11. Bxg5 f6 12. Bd2 Nh6 13. b3 Rhg8 14. Kh1 Bf8 15. Bxh6 Bxh6 {½-½ (57) Howell,D (2655)-Lupulescu,C (2609) Novi Sad 2016}) 8. Nbd2 {[%emt 0:05:30]} Be6 {[%emt 0:05:30]} 9. Ng5 $146 {[%emt 0:02:30]} ({Predecessor:} 9. b3 Nf6 10. Bb2 Nh5 11. Nc4 Bxc4 12. bxc4 O-O 13. a4 b6 14. Re1 {½-½ (14) Sevostianov,P (2305)-Grekh,A (2373) Horodok 2013}) 9... Nf6 {[%emt 0:09:30]} 10. Qe2 {[%emt 0:57:30]} O-O {[%emt 0:02:30]} 11. Nxe6 {[%emt 0:05:30]} Qxe6 {[%emt 0:01:30]} 12. Nc4 {[%emt 0:03:19]} Nh5 {[%emt 0:06:30]} 13. Qg4 {[%emt 0:02:26]} Qe7 {[%emt 0:03:30]} 14. Bg5 {[%emt 0:03:33]} Qc7 {[%emt 0:02:30]} 15. g3 {[%emt 0:03:06]} Rae8 {[%emt 0:08:30]} 16. Be3 {[%emt 0:04:33]} b6 {[%emt 0:00:30]} 17. Qd1 {[%emt 0:02:11]} Qe7 {[%emt 0:03:30]} 18. Kh2 {[%emt 0:01:14]} Nf6 {[%emt 0:01:30]} 19. f4 {[%emt 0:01:14]} exf4 {[%emt 0:12:30]} 20. Bxf4 {[%emt 0:00:06]} Rd8 {[%emt 0:00:30]} 21. Qf3 {[%emt 0:04:16]} h6 {[%emt 0:00:30]} 22. Be5 {[%emt 0:00:53]} Ng4+ {[%emt 0:05:30]} 23. hxg4 {[%emt 0:00:30]} Bxe5 {[%emt 0:00:00]} 24. Nxe5 {[%emt 0:00:05]} Qxe5 {[%emt 0:00:00]} 25. Qf6 {[%emt 0:00:00]} Qxf6 {[%emt 0:11:30]} 26. Rxf6 {[%emt 0:00:17]} c4 {[%emt 0:00:00]} 27. Rd1 {[%emt 0:00:31]} c5 {[%emt 0:02:00]} 28. b3 {[%emt 0:01:05]} cxd3 {[%emt 0:00:30]} 29. Rxd3 {[%emt 0:00:46]} Rxd3 {[%emt 0:00:30]} 30. cxd3 {[%emt 0:00:04]} Rd8 {[%emt 0:00:00]} 31. Rf3 {[%emt 0:00:08]} Kf8 {[%emt 0:04:52]} 32. Kg2 {[%emt 0:00:57]} Ke7 {[%emt 0:00:16]} 33. Kf2 {[%emt 0:00:06]} Rd6 {[%emt 0:00:59]} 34. Ke2 {[%emt 0:01:25]} Rf6 {[%emt 0:04:42]} 35. Re3 {[%emt 0:00:05]} Re6 {[%emt 0:00:47]} 36. Kd2 {[%emt 0:01:02]} Rf6 {[%emt 0:02:58]} 37. Ke2 {[%emt 0:00:29]} Re6 {[%emt 0:00:34]} 38. Kd2 {[%emt 0:00:21]} Re5 {[%emt 0:00:03]} 39. Rf3 {[%emt 0:00:02]} Rg5 {[%emt 0:00:45]} 40. Rf4 {[%emt 0:00:00]} h5 {[%emt 0:03:05]} 41. gxh5 {[%emt 0:01:16]} Rxh5 {[%emt 0:01:59]} 42. Kc3 {[%emt 0:01:30]} Rh2 {[%emt 0:00:30]} 43. a3 {[%emt 0:01:30]} Ra2 {[%emt 0:01:30]} 44. a4 {[%emt 0:00:30]} Ke6 {[%emt 0:01:30]} 45. Rf3 {[%emt 0:02:30]} Re2 {[%emt 0:06:30]} 46. b4 {[%emt 0:07:30]} cxb4+ {[%emt 0:01:30]} 47. Kxb4 {[%emt 0:00:30]} Rb2+ {[%emt 0:00:00]} 48. Kc3 {[%emt 0:01:14]} Rb1 {[%emt 0:05:00]} 49. d4 {[%emt 0:04:06]} Ra1 {[%emt 0:02:30]} 50. Kb3 $11 {[%emt 0:01:39]} Re1 {[%emt 0:03:45]} 51. e5 {[%emt 0:00:59]} Rb1+ {[%emt 0:08:25]} 52. Kc4 {[%emt 0:02:23]} Rc1+ {[%emt 0:00:21]} 53. Kb5 {[%emt 0:01:41]} Rc7 {[%emt 0:08:29]} 54. Rf6+ {[%emt 0:06:42]} Kd5 {[%emt 0:00:02]} 55. Rd6+ {[%emt 0:00:22]} Ke4 {[%emt 0:00:02]} 56. e6 {[%emt 0:00:39]} fxe6 {[%emt 0:01:08]} 1/2-1/2

[Event "World Junior U20 Girls 2018"]
[Site "Gebze"]
[Date "2018.09.10"]
[Round "6"]
[White "Ivana Maria, Furtado"]
[Black "Nomin-Erdene, Davaademberel"]
[Result "1/2-1/2"]
[WhiteElo "2144"]
[BlackElo "2377"]
[Annotator "NA"]
[PlyCount "60"]
[EventDate "2018.09.05"]
[EventType "swiss"]
[EventCountry "TUR"]
[SourceTitle "playchess.com"]
[Source "ChessBase"]
[SourceQuality "1"]
[TimeControl "40/5400+30:1800+30"]

1. e4 {[%emt 0:00:30]} e5 {[%emt 0:02:30]} 2. d4 {[%emt 0:00:30]} exd4 {[%emt 0:00:00]} 3. Qxd4 {[%emt 0:00:00]} Nc6 {[%emt 0:01:00]} 4. Qe3 {[%emt 0:00:00]} Nf6 {[%emt 0:01:30]} 5. Bd2 {[%emt 0:00:00]} g6 {[%emt 0:00:00]} 6. Nc3 {[%emt 0:05:00]} Bg7 {[%emt 0:00:00]} 7. O-O-O {[%emt 0:11:30] C22: Centre Game} O-O {[%emt 0:00:00]} 8. Qg5 {[%emt 0:10:30]} (8. Qe1 Re8 9. f3 d6 10. Kb1 a6 11. Nge2 b5 12. Nf4 Ne5 13. h4 c6 14. h5 b4 {1-0 (38) Nepomniachtchi,I (2751)-Karjakin,S (2783) chess.com INT 2017}) 8... h6 $146 {[%emt 0:20:00]} ({Predecessor:} 8... Re8 9. f3 h6 10. Qh4 d6 11. Nh3 Be6 12. Nf4 Bd7 13. Nfd5 g5 14. Qg3 a5 {0-1 (43) Stjazhkina,O (2243)-Kovanova,B (2371) Belgrade 2013}) 9. Qh4 {[%emt 0:03:30]} g5 {[%emt 0:01:30]} 10. Qg3 {[%emt 0:01:30]} d6 {[%emt 0:00:30]} 11. Be2 {[%emt 0:06:30]} Nd4 {[%emt 0:15:00]} 12. f4 {[%emt 0:08:30]} g4 {[%emt 0:16:30]} 13. f5 {[%emt 0:05:30]} Nxe2+ {[%emt 0:03:30]} 14. Ngxe2 {[%emt 0:00:30]} Qe8 {[%emt 0:00:00]} 15. Qf4 {[%emt 0:12:30]} Qe5 {[%emt 0:10:00]} 16. Qxe5 {[%emt 0:00:30]} dxe5 {[%emt 0:00:30]} 17. h3 {[%emt 0:00:30]} g3 {[%emt 0:11:20]} 18. Nxg3 {[%emt 0:01:30]} Bd7 {[%emt 0:00:05]} 19. Be3 {[%emt 0:08:30]} Bc6 {[%emt 0:01:08]} 20. Rd3 {[%emt 0:02:30]} Rfe8 {[%emt 0:04:07]} 21. Kd2 {[%emt 0:00:39]} Bf8 {[%emt 0:01:04]} 22. a3 {[%emt 0:01:17]} Kh7 {[%emt 0:01:10]} 23. Ke2 {[%emt 0:01:12]} b5 {[%emt 0:05:15]} 24. b4 {[%emt 0:02:36]} a5 {[%emt 0:00:50]} 25. Rb1 {[%emt 0:00:10]} axb4 {[%emt 0:03:30]} 26. axb4 {[%emt 0:00:30]} Ra6 {[%emt 0:00:00]} 27. Kf3 {[%emt 0:06:39]} Rea8 {[%emt 0:00:03]} 28. Nce2 {[%emt 0:01:52]} Ra4 {[%emt 0:01:07]} 29. Bd2 {[%emt 0:01:49]} Be7 {[%emt 0:02:04]} 30. Rbb3 $11 {[%emt 0:03:52]} R4a6 {[%emt 0:00:28]} 1/2-1/2

[Event "World Junior U20 Girls 2018"]
[Site "Gebze"]
[Date "2018.09.10"]
[Round "6"]
[White "Wafa, Shahenda"]
[Black "Nastase, Andreea-Cristina"]
[Result "1-0"]
[WhiteElo "2129"]
[BlackElo "1983"]
[Annotator "NA"]
[PlyCount "103"]
[EventDate "2018.09.05"]
[EventType "swiss"]
[EventCountry "TUR"]
[SourceTitle "playchess.com"]
[Source "ChessBase"]
[SourceQuality "1"]
[TimeControl "40/5400+30:1800+30"]

1. e4 {[%emt 0:00:30]} c5 {[%emt 0:00:30]} 2. Nf3 {[%emt 0:00:30]} d6 {[%emt 0:00:30]} 3. d4 {[%emt 0:00:30]} cxd4 {[%emt 0:00:00]} 4. Nxd4 {[%emt 0:00:00]} Nf6 {[%emt 0:00:00]} 5. Nc3 {[%emt 0:00:00]} a6 {[%emt 0:00:00]} 6. Bg5 {[%emt 0:00:00]} e6 {[%emt 0:00:00]} 7. f4 {[%emt 0:00:00]} Nbd7 {[%emt 0:00:00]} 8. Qf3 {[%emt 0:00:30]} Qc7 {[%emt 0:00:00]} 9. g4 {[%emt 0:00:00] B96: Sicilian Najdorf: 6 Bg5 e6 7 f4, lines other than 7...Qb6 and 7...Be7} (9. O-O-O b5 10. e5 Bb7 11. Qh3 dxe5 12. Nxe6 fxe6 13. Qxe6+ Be7 14. Bxb5 axb5 15. Nxb5 Qc6 16. Nd6+ Kd8 17. fxe5 Kc7 18. Qxe7 Rxa2 19. exf6 Ra1+ 20. Kd2 Qd5+ 21. Kc3 Qa5+ 22. Kd3 Qd5+ 23. Kc3 Qa5+ 24. Kd3 {½-½ (24) Kulaots,K (2573)-Korobov,A (2652) Tegernsee 2017}) 9... b5 {[%emt 0:01:30]} 10. Bxf6 {[%emt 0:00:00]} gxf6 {[%emt 0:02:30]} 11. a3 {[%emt 0:02:30]} Rb8 {[%emt 0:03:30]} 12. Nb3 $146 {[%emt 0:08:30] [#]} ({Predecessor:} 12. Be2 b4 13. axb4 Rxb4 14. Nb3 Nc5 15. Nxc5 Qxc5 16. O-O-O Bb7 17. Rhg1 {½-½ (39) Schmelz,T (2411)-Bernardino,Z (2366) ICCF email 2000}) 12... Nb6 {[%emt 1:27:30]} (12... h5 $1 $17 {[%mdl 512]}) 13. Nd4 {[%emt 0:10:30]} Nd7 {[%emt 0:00:30]} 14. Nb3 {[%emt 0:00:30]} Nb6 {[%emt 0:00:30]} 15. f5 {[%emt 0:00:00]} e5 {[%emt 0:00:00]} (15... Na4 $15 {keeps the upper hand.} 16. O-O-O Nxc3 17. bxc3 d5 18. exd5 Bxa3+ 19. Kb1 O-O) 16. h4 {[%emt 0:01:00]} Bb7 {[%emt 0:00:00]} 17. O-O-O {[%emt 0:03:30]} Rc8 {[%emt 0:00:00]} 18. Rh2 {[%emt 0:04:30]} Be7 {[%emt 0:00:00]} 19. g5 {[%emt 0:17:30]} fxg5 {[%emt 0:00:00] [#]} 20. f6 $1 {[%emt 0:01:30]} g4 {[%emt 0:00:00]} 21. Qxg4 {[%emt 0:05:30]} Bxf6 {[%emt 0:00:00]} 22. Bxb5+ {[%emt 0:00:30]} Ke7 {[%emt 0:00:00]} 23. Bd3 {[%emt 0:02:30]} Qd7 {[%emt 0:00:00]} 24. Qh5 {[%emt 0:06:30]} Rcg8 {[%emt 0:00:00]} 25. Qe2 {[%emt 0:02:30]} Na4 $18 {[%emt 0:00:00]} (25... Qg4 $16) 26. Nxa4 {[%emt 0:02:30]} Qxa4 {[%emt 0:00:00]} 27. Rf1 {[%emt 0:02:30]} h5 {[%emt 0:00:00]} 28. Rhf2 {[%emt 0:01:30]} Rg6 {[%emt 0:00:00]} 29. Rf5 {[%emt 0:00:30]} Bc8 {[%emt 0:00:00]} 30. R5f2 {[%emt 0:04:30]} Bg4 {[%emt 0:00:00]} 31. Qe3 {[%emt 0:00:30]} Be6 {[%emt 0:00:00]} 32. Rxf6 {[%emt 0:00:30]} Rxf6 {[%emt 0:00:00]} 33. Rxf6 {[%emt 0:00:30]} Bxb3 {[%emt 0:00:00]} 34. Qg5 {[%emt 0:00:30]} Rc8 {[%emt 0:00:00]} 35. Rf2+ {[%emt 0:08:07]} Kd7 {[%emt 0:00:00]} 36. Qxh5 {[%emt 0:00:13]} Be6 {[%emt 0:00:00]} 37. Qe2 {[%emt 0:00:18]} Rg8 {[%emt 0:00:00]} 38. Rf1 {[%emt 0:00:29]} Qd4 {[%emt 0:00:43]} 39. Bxa6 {[%emt 0:01:11]} Rg1 {[%emt 0:00:38]} 40. Bd3 {[%emt 0:01:37]} Bg4 {[%emt 0:01:26]} 41. Qe1 {[%emt 0:30:23]} Rxf1 {[%emt 0:31:03]} 42. Qxf1 {[%emt 0:00:00]} Qe3+ {[%emt 0:00:00]} 43. Kb1 {[%emt 0:00:00]} Be6 {[%emt 0:00:00]} 44. Qh1 {[%emt 0:00:00]} Qh6 {[%emt 0:00:00]} 45. a4 {[%emt 0:00:00]} Kc7 {[%emt 0:00:00]} 46. Qe1 {[%emt 0:00:00]} Qf4 {[%emt 0:00:00]} 47. a5 {[%emt 0:00:00]} d5 {[%emt 0:00:00]} 48. a6 {[%emt 0:00:00]} dxe4 {[%emt 0:00:00]} 49. Bxe4 {[%emt 0:00:00]} Kb6 {[%emt 0:00:00]} 50. Bd3 {[%emt 0:00:00]} f6 {[%emt 0:00:00]} 51. Qg1+ {[%emt 0:00:00]} Kc7 {[%emt 0:00:00]} 52. Qc5+ {[%emt 0:00:00]} 1-0

[Event "World Junior U20 Girls 2018"]
[Site "Gebze"]
[Date "2018.09.10"]
[Round "6"]
[White "Serikbay, Assel"]
[Black "Kyrkjebo, Hanna B"]
[Result "1/2-1/2"]
[WhiteElo "2125"]
[BlackElo "1947"]
[Annotator "NA"]
[PlyCount "128"]
[EventDate "2018.09.05"]
[EventType "swiss"]
[EventCountry "TUR"]
[SourceTitle "playchess.com"]
[Source "ChessBase"]
[SourceQuality "1"]
[TimeControl "40/5400+30:1800+30"]

1. d4 {[%emt 0:00:30]} Nf6 {[%emt 0:00:30]} 2. c4 {[%emt 0:00:30]} e6 {[%emt 0:00:30]} 3. g3 {[%emt 0:00:00]} d5 {[%emt 0:04:30]} 4. Nf3 {[%emt 0:01:00]} c6 {[%emt 0:00:30]} 5. Bg2 {[%emt 0:00:00]} Be7 {[%emt 0:03:30]} 6. O-O {[%emt 0:00:00]} O-O {[%emt 0:00:30]} 7. Qc2 {[%emt 0:00:30]} b6 {[%emt 0:06:30]} 8. Nbd2 {[%emt 0:01:30]} Ba6 {[%emt 0:03:30] LiveBook: 71 Games E06: Closed Catalan: Early deviations} (8... Bb7 9. b3 a5 10. Bb2 Na6 11. Rfd1 Rc8 12. Rac1 h6 13. Qb1 Rc7 14. Ne5 Nd7 15. Ndf3 Nxe5 16. Nxe5 Bd6 17. e4 {½-½ (45) Yu,Y (2751)-Sargissian,G (2672) Riadh 2017}) 9. Ne5 {[%emt 0:04:30]} Nfd7 {[%emt 0:04:30]} 10. Nd3 {[%emt 0:02:30]} Nf6 {[%emt 0:08:30]} 11. Rd1 {[%emt 0:01:30]} Nbd7 {[%emt 0:05:30]} 12. e4 {[%emt 0:02:30]} Rc8 {[%emt 0:08:30]} 13. e5 {[%emt 0:04:30]} Ne8 {[%emt 0:05:30] [#]} 14. b4 $146 {[%emt 0:22:30]} ({Predecessor:} 14. Nf4 Nc7 15. b3 c5 16. dxc5 Bxc5 {1-0 (36) Brunello,S (2533)-Tristan,L (2412) Puerto Madryn 2009}) 14... Nc7 {[%emt 0:05:30]} 15. c5 {[%emt 0:12:30]} bxc5 {[%emt 0:02:30]} 16. bxc5 {[%emt 0:02:30]} Rb8 {[%emt 0:02:30]} 17. Nb3 {[%emt 0:01:30]} Qc8 {[%emt 0:08:30]} 18. Na5 {[%emt 0:04:30]} Bb7 {[%emt 0:04:30]} (18... Ne8 $142) 19. Bf1 {[%emt 0:05:30]} Ne8 {[%emt 0:05:57]} 20. Nb4 {[%emt 0:04:30]} Bd8 {[%emt 0:03:55]} 21. Nxb7 {[%emt 0:00:30]} Qxb7 {[%emt 0:00:43]} 22. Na6 {[%emt 0:00:30]} Rc8 {[%emt 0:01:54]} 23. Rb1 {[%emt 0:00:30]} Qa8 {[%emt 0:00:35]} 24. Qb3 $18 {[%emt 0:06:30]} Nc7 {[%emt 0:04:38]} 25. Qb7 {[%emt 0:02:33]} Qxb7 {[%emt 0:05:07]} 26. Rxb7 {[%emt 0:00:05]} Nxa6 {[%emt 0:00:18]} 27. Bxa6 {[%emt 0:00:02]} Rc7 {[%emt 0:00:00]} 28. Rb3 {[%emt 0:01:22]} Be7 {[%emt 0:01:14]} 29. Bd2 {[%emt 0:00:18]} Nb8 {[%emt 0:01:56]} 30. Bb7 {[%emt 0:00:30]} f6 {[%emt 0:00:56]} 31. Ba5 {[%emt 0:01:11]} Rd7 {[%emt 0:00:18]} 32. Rdb1 {[%emt 0:01:58]} fxe5 {[%emt 0:01:10]} 33. Ba8 {[%emt 0:00:47]} Bd8 {[%emt 0:00:38]} 34. Bd2 {[%emt 0:08:25]} Bc7 {[%emt 0:00:21]} 35. dxe5 {[%emt 0:04:47]} Bxe5 {[%emt 0:00:23]} 36. Re3 {[%emt 0:01:52]} Bd4 {[%emt 0:00:43]} 37. Rxe6 {[%emt 0:01:06]} Bxf2+ {[%emt 0:00:51]} 38. Kh1 {[%emt 0:00:25]} Bxc5 {[%emt 0:00:57]} 39. Bf4 {[%emt 0:00:13]} Bb6 {[%emt 0:00:06]} 40. Bxb8 {[%emt 0:00:00]} Rxb8 {[%emt 0:00:00]} 41. Bxc6 {[%emt 0:01:56]} Rdd8 {[%emt 0:05:50]} 42. Rbe1 {[%emt 0:10:30]} Rbc8 {[%emt 0:04:30]} 43. Re8+ {[%emt 0:01:30]} Rxe8 {[%emt 0:00:30]} 44. Rxe8+ {[%emt 0:00:30]} Rxe8 {[%emt 0:00:30]} 45. Bxe8 {[%emt 0:00:00]} Kf8 {[%emt 0:00:30]} 46. Bc6 {[%emt 0:00:00]} d4 {[%emt 0:00:00]} 47. Be4 {[%emt 0:01:30]} h6 {[%emt 0:01:00]} 48. Kg2 {[%emt 0:00:30]} Ke7 {[%emt 0:00:00]} 49. Kf3 {[%emt 0:00:00]} Kf6 {[%emt 0:03:37]} 50. Bd3 {[%emt 0:00:00]} Ke5 {[%emt 0:02:26]} 51. Bc4 {[%emt 0:02:51]} Bd8 {[%emt 0:01:46]} 52. Bb3 {[%emt 0:01:39]} Bg5 {[%emt 0:02:55]} 53. Bc4 {[%emt 0:00:07]} Be3 {[%emt 0:00:42]} 54. a4 {[%emt 0:00:36]} a5 {[%emt 0:02:17]} 55. g4 {[%emt 0:01:56]} Kf6 {[%emt 0:02:38]} 56. h4 {[%emt 0:02:38]} g6 {[%emt 0:01:44]} 57. Bd3 {[%emt 0:02:17]} g5 {[%emt 0:01:42]} 58. hxg5+ {[%emt 0:02:01]} hxg5 {[%emt 0:00:46]} 59. Ke4 {[%emt 0:00:08]} Ke6 {[%emt 0:00:05]} 60. Bc4+ {[%emt 0:00:20]} Kd6 {[%emt 0:00:12]} 61. Bb5 {[%emt 0:00:30]} Kc5 {[%emt 0:00:35]} 62. Kd3 {[%emt 0:00:24]} Kb4 {[%emt 0:01:19]} 63. Bd7 {[%emt 0:00:10]} Kc5 {[%emt 0:01:46]} 64. Bb5 {[%emt 0:00:06]} Kd5 {[%emt 0:01:45]} 1/2-1/2